Statistics for Valencia's 1999-2000 Champions League Run

Click here to take the quiz!

General Stats

  • This quiz has been taken 24 times
  • The average score is 16 of 19

Answer Stats

RoundClubClub NationScoreline% Correct
First Group Stage - Matchday 3Bayern MünchenGermany1-1
100%
First Group Stage - Matchday 4Bayern MünchenGermany1-1
100%
FinalReal MadridSpain3-0
100%
Semi-Final - Second LegBarcelonaSpain2-1
95%
Semi-Final - First LegBarcelonaSpain4-1
95%
Quarter-Final - Second LegLazioItaly1-0
95%
Quarter-Final - First LegLazioItaly5-2
95%
Second Group Stage - Matchday 6Manchester UnitedEngland0-0
95%
Second Group Stage - Matchday 2Manchester UnitedEngland3-0
95%
First Group Stage - Matchday 6PSV EindhovenNetherlands1-0
95%
First Group Stage - Matchday 2PSV EindhovenNetherlands1-1
95%
First Group Stage - Matchday 5RangersScotland1-2
95%
First Group Stage - Matchday 1RangersScotland2-0
95%
Third Qualifying Round - Second LegHapoel HaifaIsrael0-2
70%
Third Qualifying Round - First LegHapoel HaifaIsrael2-0
70%
Second Group Stage - Matchday 5Girondins de BordeauxFrance1-4
65%
Second Group Stage - Matchday 1
Girondins de BordeauxFrance3-0
65%
Second Group Stage - Matchday 3FiorentinaItaly1-0
60%
Second Group Stage - Matchday 4FiorentinaItaly2-0
60%

Score Distribution

Percentile by Number Answered

Percent of People with Each Score

Your Score History

You have not taken this quiz